Open Data Biblioteca Nacional de Portugal


República Portuguesa: Ministério da Cultura
Biblioteca Nacional de Portugal

Catálogo da BNP: acesso por Identificadores Unívocos
Registos Bibliográficos associados ao registo de autoridade

Etiqueta de registo: 00000nam 2200025 450
001 1835384
003 http://id.bnportugal.gov.pt/bib/catbnp/1835384
010 ## $a978-972-8633-98-1
021 ## $aPT$b347221/12
100 ## $a20130402d2012 m y0pory01030103ba
101 0# $apor
102 ## $aPT
105 ## $aa z 000gy
106 ## $ar
200 1# $aPalavras revertidas$fCatarina Valadão
210 #9 $aPonta Delgada$cPubliçor,$dcop. 2012
215 ## $a77, [1] p.$cil.$d21 cm
675 ## $a821.134.3-1"20"$vBN$zpor$31023893
700 #1 $aValadão,$bCatarina,$f1986-$31528017
801 #0 $aPT$bBN$gRPC
856 41 $uhttp://rnod.bnportugal.gov.pt/ImagesBN/winlibimg.aspx?skey=&doc=1835384&img=23219&save=true
900 ## $aBIBNAC$d20130419
966 ## $lBN$mFGMON$sL. 118057 V.
966 ## $lBN$mFGMON$sL. 118057 V.-D

Etiqueta de registo: 00254nam 2200025 450
001 2283567
003 http://id.bnportugal.gov.pt/bib/catbnp/2283567
010 ## $a978-972-647-438-8
021 ## $aPT$b543083/25
100 ## $a20260402d2025 m y0pory01030103ba
101 0# $apor
102 ## $aPT
105 ## $aa b 000yy
106 ## $ar
200 1# $aEspaço ocupado$eescultura contemporânea, coleção do Museu de Angra do Heroísmo$fcoord. Jorge A Paulus Bruno$gtextos Assunção Melo, Francisco Pedroso Lima$gfot. Susana Soares$gtrad. Catarina Valadão
210 #9 $aAngra do Heroísmo$cMuseu de Angra do Heroísmo,$d2025
215 ## $a23 p.$cil.$d22 cm
675 ## $a069.5(469.9)$vBN$zpor$31458636
675 ## $a73A/Z(=1:469)"19/20"(083.82)$vBN$zpor$31485540
702 #1 $aBruno,$bJorge A. Paulus$4340$386162
702 #1 $aMelo,$bAssunção,$f1974-$4070$31648854
702 #1 $aLima,$bFrancisco João dos Reis Pedroso de$4070$3191024
702 #1 $93$aSoares,$bSusana$4600$31936870
702 #1 $aValadão,$bCatarina,$f1986-$4730$31528017
801 #0 $aPT$bBN$gRPC
856 41 $uhttp://rnod.bnportugal.gov.pt/ImagesBN/winlibimg.aspx?skey=&doc=2283567&img=222614&save=true
900 ## $aBIBNAC$d20260528
966 ## $lBN$mFGMON$sP. 72784 V.$x1
966 ## $lBN$mFGMON$sP. 72784 V.-D$x1
971 ## $cabrito$d20260402
972 ## $e0$z0$d20260528$vasantos
973 ## $ctrodrigues$d20260525

Etiqueta de registo: 00254nam 2200025 450
001 2283715
003 http://id.bnportugal.gov.pt/bib/catbnp/2283715
010 ## $a978-972-647-451-7
021 ## $aPT$b555371/25
100 ## $a20260406d2025 m b0pory01030103ba
101 0# $apor
102 ## $aPT
105 ## $aa b 000yy
106 ## $ar
200 1# $aOlhar do outro$e o retrato na coleção do Museu de Angra do Heroísmo$fcoord. Jorge A. Paulus Bruno$grealização e texto Assunção Melo, Francisco Pedroso de Lima$gfot. Susana Gomes Soares$gtrad. Catarina Valadão
210 #9 $aAngra do Heroísmo$cMuseu de Angra do Heroísmo,$d2025
215 ## $a21, [3] p.$cil.$d22 cm
675 ## $a069.5(469.9)$vBN$zpor$31458636
675 ## $a75.041.5A/Z"15/20"(083.82)$vBN$zpor$31999260
702 #1 $aBruno,$bJorge A. Paulus$4340$386162
702 #1 $aMelo,$bAssunção,$f1974-$4070$31648854
702 #1 $aLima,$bFrancisco Pedroso de$4070$31166764
702 #1 $aSoares,$bSusana Gomes$4600$31994768
702 #1 $aValadão,$bCatarina,$f1986-$4730$31528017
801 #0 $aPT$bBN$gRPC
856 41 $uhttp://rnod.bnportugal.gov.pt/ImagesBN/winlibimg.aspx?skey=&doc=2283715&img=222668&save=true
900 ## $aBIBNAC$d20260603
966 ## $lBN$mFGMON$sP. 72794 V.$x1
966 ## $lBN$mFGMON$sP. 72794 V.-D$x1
971 ## $cabrito$d20260406
972 ## $e0$z0$d20260603$vasantos
973 ## $ctrodrigues$d20260526
975 ## $e0$d20260611$viquintas

Etiqueta de registo: 00254nam 2200025 450
001 2283709
003 http://id.bnportugal.gov.pt/bib/catbnp/2283709
010 ## $a978-972-647-443-2
021 ## $aPT$b546298/25
100 ## $a20260406d2025 m b0pory01030103ba
101 0# $apor
102 ## $aPT
105 ## $aa b 000yy
106 ## $ar
200 1# $aCuriosidades tecnológicas$fcoord. Jorge A. Paulus Bruno$gtextos Cátia Sousa... [et al.]$gtrad. Catarina Valadão$gfot. Jaime Ferreira Regalado, Susana Gomes Soares
210 #9 $aAngra do Heroísmo$cMuseu de Angra do Heroísmo,$d2025
215 ## $a23, [1] p.$cil.$d22 cm
675 ## $a069.5(469.9)$vBN$zpor$31458636
675 ## $a621"18/19"(083.82)$vBN$zpor$31999257
702 #1 $aBruno,$bJorge A. Paulus$4340$386162
702 #1 $aSousa,$bCátia$4070$31834327
702 #1 $aValadão,$bCatarina,$f1986-$4730$31528017
702 #1 $aRegalado,$bJaime Ferreira,$f1964-$4600$31202422
702 #1 $aSoares,$bSusana Gomes$4600$31994768
801 #0 $aPT$bBN$gRPC
856 41 $uhttp://rnod.bnportugal.gov.pt/ImagesBN/winlibimg.aspx?skey=&doc=2283709&img=222667&save=true
900 ## $aBIBNAC$d20260603
966 ## $lBN$mFGMON$sP. 72792 V.$x1
966 ## $lBN$mFGMON$sP. 72792 V.-D$x1
971 ## $cabrito$d20260406
972 ## $e0$z0$d20260603$vasantos
973 ## $ctrodrigues$d20260526
975 ## $e0$d20260611$viquintas

Etiqueta de registo: 00254nam 2200025 450
001 2284575
003 http://id.bnportugal.gov.pt/bib/catbnp/2284575
010 ## $a978-972-647-453-1
021 ## $aPT$b556469/25
100 ## $a20260416d2025 m d0pory01030103ba
101 0# $apor
102 ## $aPT
105 ## $aa b 000yy
106 ## $ar
200 1# $aImpressões do tempo$eoficinas de gravura do MAH nos anos 70$fcoord. Jorge A. Paulus Bruno$grealização e texto Carla Ferreira$gtrad. Catarina Valadão
210 #9 $aAngra do Heroísmo$cMuseu de Angra do Heroísmo,$d2025
215 ## $a23, [1] p.$cil.$d22 cm
532 12 $aImpressões do tempo - oficinas de gravura do Museu de Angra do Heroísmo nos anos 70
675 ## $a069.5(469.9)$vBN$zpor$31458636
675 ## $a76A/Z(=1:469)"197"(083.82)$vBN$zpor$31997813
702 #1 $aBruno,$bJorge A. Paulus$4340$386162
702 #1 $aFerreira,$bCarla$4070$31168993
702 #1 $aValadão,$bCatarina,$f1986-$4730$31528017
801 #0 $aPT$bBN$gRPC
856 41 $uhttp://rnod.bnportugal.gov.pt/ImagesBN/winlibimg.aspx?skey=&doc=2284575&img=222175&save=true
900 ## $aBIBNAC$d20260515
966 ## $lBN$mFGMON$sP. 72728 V.$x1
966 ## $lBN$mFGMON$sP. 72728 V.-D$x1
971 ## $ccsilva$d20260416
972 ## $e0$z0$d20260515$vlrevez
973 ## $ctrodrigues$d20260506

OpendataBNP@bnportugal.pt | Mais informação sobre acesso aos dados BNP